00831cam a2200241 a 4500020001500000040000800015082002600023100002300049245002500072250001300097260005100110300004800161500002100209500002000230650001600250700002300266700002100289856006400310856005600374942000700430999001700437952013500454 a007825034X cDLC00a657 GLE 2003 A110 Or.1 aPrice, John Ellis.10aCollege accounting / a10th ed. aNew York, N.Y. :bGlencoe/McGraw-Hill,cc2003. axxxiv, 1148, [49] p. :bcol. ill. ;c27 cm. a"Chapters 1-32." aIncludes index. 0aAccounting.1 aHaddock, M. David.1 aBrock, Horace R.42uhttp://www.loc.gov/catdir/description/mh031/2002279990.html41uhttp://www.loc.gov/catdir/toc/mh031/2002279990.html cEK c16707d16707 0010406657_000000000000000_GLE_2003_A109_OR70971702aLBAbLBAcA109d2018-03-27o657 GLE 2003 A109 Or.pA18071r2018-03-27yEK